Régimen flexibilizado para solicitar el certificado fiscal para contratar con el estado (Registro nro. 15505)

Detalles MARC
000 -LEADER
fixed length control field 00363 a2200109 4500
001 - CONTROL NUMBER
control field ART_19303
005 - DATE AND TIME OF LATEST TRANSACTION
control field 20260410161704.0
008 - FIXED-LENGTH DATA ELEMENTS--GENERAL INFORMATION
fixed length control field 260409a
100 1# - MAIN ENTRY--PERSONAL NAME
Personal name Santacruz, Lidia M.
245 10 - TITLE STATEMENT
Title Régimen flexibilizado para solicitar el certificado fiscal para contratar con el estado
773 0# - HOST ITEM ENTRY
Title Revista Impuestos
Related parts - Nº 9 (may. 2009)
Record control number REV639

No hay ítems disponibles.